Pamiatky a príroda metodicko-odborný a informačný bulletin
| New Title: | Pamiatky - súčasnosť |
|---|---|
| Other Authors: | , |
| Format: | Journal |
| Language: | Slovak |
| PhysicalDescription: | 20 zv. 29 cm |
| Published: |
Bratislava
Obzor
1970-1989
Bratislava Pallas Bratislava |
| ISSN: | 0231-5173 |
| Subjects: |
MARC
| LEADER | 00000cas a2200000 a 4500 | ||
|---|---|---|---|
| 001 | vtls008883479 | ||
| 003 | SK-MaSNL | ||
| 005 | 20260425194215.0 | ||
| 008 | 141119d19701989xo br|p 0 0 b0slo d | ||
| 022 | |a 0231-5173 | ||
| 035 | |a (SVKBB03)vtls000132029 | ||
| 040 | |a SVKBB |b slo |c SVKBB |d SAVUK |d SNK |e AACR2 | ||
| 041 | 0 | |a slo | |
| 044 | |a xo |c SK | ||
| 072 | 7 | |a 71 |x Územné plánovanie. Urbanizmus. Pamiatková starostlivosť |2 konspekt | |
| 072 | 7 | |a 502 |x Životné prostredie a jeho ochrana |2 konspekt | |
| 080 | |a 7.025.3/.4 |2 2001 | ||
| 080 | |a 502.17 |2 2001 | ||
| 080 | |a 719 |2 2001 | ||
| 080 | |a 050 |2 2001 | ||
| 210 | 0 | |a Pamiat. prír. | |
| 222 | 0 | |a Pamiatky a príroda | |
| 245 | 0 | 0 | |a Pamiatky a príroda |b metodicko-odborný a informačný bulletin |
| 246 | 1 | 3 | |a Pamiatky príroda |
| 260 | |a Bratislava |b Obzor |c 1970-1989 | ||
| 260 | 2 | |3 1971 |a Bratislava |b Pallas | |
| 260 | 3 | |3 1972-1989 |a Bratislava |b Obzor | |
| 300 | |a 20 zv. |c 29 cm | ||
| 310 | |a 6x ročne | ||
| 362 | 0 | |a 1 (1970)-roč. XX, č. 6 (1989) | |
| 500 | |a R. 1987-1989 vydáva Štátny ústav pamiatkovej starostlivosti v Bratislave a Ústredie štátnej ochrany prírody v Liptovskom Mikuláši vo vyd. Obzor | ||
| 500 | |a R. <1980>-1981 vydáva Slovenský ústav pamiatkovej starostlivosti a ochrany prírody v Bratislave vo vyd. Obzor | ||
| 500 | |a R. 1982-4/1986 vydáva Ústredie štátnej pamiatkovej starostlivosti v Bratislave a Ústredie štátnej ochrany prírody v Liptovskom Mikuláši vo vyd. Obzor | ||
| 500 | |a R. 5/1986-1989 vydáva Štátny ústav pamiatkovej starostlivosti v Bratislave a Ústredie štátnej ochrany prírody v Liptovskom Mikuláši vo vyd. Obzor | ||
| 500 | |a Redaktor: 1970-1972, Ladislav Szalay; 1973-1974, Oľga Mockovčiaková; 1975-1976, Magdaléna Szalayová | ||
| 500 | |a Vedúci redaktor: 1977-1982, Michal Jurka; 1983-1989, Magdaléna Szalayová | ||
| 500 | |a V r. 1990 periodikum pokračuje pod novým názvom Pamiatky - súčasnosť | ||
| 650 | 0 | 7 | |a ochrana pamiatok |2 SNKPH |9 29625 |
| 650 | 0 | 7 | |a ochrana kultúrnych pamiatok |2 SNKPH |9 2861 |
| 650 | 0 | 7 | |a ochrana prírody |2 SNKPH |9 3778 |
| 650 | 0 | 7 | |a pamiatková starostlivosť |2 SNKPH |9 2863 |
| 655 | 7 | |a odborné časopisy |2 SNKPH |9 70505 | |
| 700 | 1 | |a Szalay, Ladislav |4 red |9 270500 | |
| 700 | 1 | |a Mockovčiaková, Oľga |4 red |9 270501 | |
| 700 | 1 | |a Szalayová, Magdaléna |4 red |4 pbd |9 270502 | |
| 700 | 1 | |a Jurka, Michal |4 pbd |9 270503 | |
| 785 | 0 | 0 | |t Pamiatky - súčasnosť |w vtls008883480 |
| 852 | |a Štátna vedecká knižnica v Banskej Bystrici | ||
| 910 | |a snmk | ||
| 910 | |a savuk | ||
| 910 | |a snk | ||
| 916 | |a 1970-1989 | ||
| 999 | |c 7003 |d 8933 | ||
| 952 | |t č. 1-6 |a SNK |b SNK |y PREZ |7 0 |p 17A0056273 |o snkČSB 2123/15(17)/1986 |i snkČSP 3703/87 |8 0 |f 1 |0 0 |1 0 |4 0 |d 1997-03-18 |l 0 |r 2005-01-02 00:00:00 |w 2026-02-21 | ||
| 952 | |t č. 1-6 |a SNK |b SNK |y PREZ |7 0 |p 17A0131241 |o snkČSB 2123/15(17)/1986 D1 |0 0 |1 0 |4 0 |d 1998-04-01 |l 0 |r 2005-01-02 00:00:00 |w 2026-02-21 | ||
| 952 | |t č. 1-6 |a SNK |b SNK |y PREZ |7 0 |p 17A0056272 |o snkČSB 2123/18/1987 |i snkČSP 2479/88 |8 0 |f 1 |0 0 |1 0 |4 0 |d 1997-03-18 |l 0 |r 2005-01-02 00:00:00 |w 2026-02-21 | ||
| 952 | |t č. 1-6 |a SNK |b SNK |y PREZ |7 0 |p 17A0056271 |o snkČSB 2123/19/1988 |i snkČSP 3989/90 |8 0 |f 1 |0 0 |1 0 |4 0 |d 1997-03-18 |l 0 |r 2005-01-02 00:00:00 |w 2026-02-21 | ||
| 952 | |t č. 1-6 |a SNK |b SNK |y PREZ |7 0 |p 17A0053029 |o snkČSB 2123/20/1989 |i snkČSP 4396/91 |8 0 |f 1 |0 0 |1 0 |4 0 |d 1997-03-12 |l 0 |r 2005-01-02 00:00:00 |w 2026-02-21 | ||
| 952 | |t č. 1-6 |a SNK |b SNK |y PREZ |7 0 |p 17A0129700 |o snkČSB 2123/20/1989 D1 |0 0 |1 0 |4 0 |d 1998-03-23 |l 0 |r 2005-01-02 00:00:00 |w 2026-02-21 | ||
| 952 | |t č. 1-6 |a SNK |b SNK |y PREZ |7 0 |p 17A0221092 |o snkČSB 2123/1974 |i snkČSP 1320/76 |8 0 |f 1 |0 0 |1 0 |4 0 |d 1999-12-09 |l 0 |r 2005-01-02 00:00:00 |w 2026-02-21 | ||
| 952 | |t č. 1-6 |a SNK |b SNK |y PREZ |7 0 |p 17A0221010 |o snkČSB 2123/1974 D1 |0 0 |1 0 |4 0 |d 1999-12-10 |l 0 |r 2005-01-02 00:00:00 |w 2026-02-21 | ||
| 952 | |t č. 1-6 |a SNK |b SNK |y PREZ |7 0 |p 17A0652173 |o snkČSB 2123/1972 D1 |i snkČSP 528/74 |0 0 |1 0 |4 0 |d 2010-03-22 |l 0 |r 2026-02-21 19:31:58 |w 2026-02-21 | ||
| 952 | |t č. 1-6 |a SNK |b SNK |y PREZ |7 0 |p 17A0065381 |o snkČSB 2123/1970 |i snkČSP 1036/72 |f 1 |0 0 |1 0 |4 0 |d 1997-05-07 |l 0 |r 2005-01-02 00:00:00 |w 2026-02-21 | ||
| 952 | |t č. 1-6 |a SNK |b SNK |y PREZ |7 0 |p 17A0065380 |o snkČSB 2123/1971 |i snkČSP 1037/72 |f 1 |0 0 |1 0 |4 0 |d 1997-05-07 |l 0 |r 2005-01-02 00:00:00 |w 2026-02-21 | ||
| 952 | |t č. 1-6 |a SNK |b SNK |y PREZ |7 0 |p 17A0064952 |o snkČSB 2123/1978 |i snkČSP 1106/78 |f 1 |0 0 |1 0 |4 0 |d 1997-05-12 |l 0 |r 2005-01-02 00:00:00 |w 2026-02-21 | ||
| 952 | |t č. 1-6 |a SNK |b SNK |y PREZ |7 0 |p 17A0206792 |o snkČSB 2123/1978 D2 |0 0 |1 0 |4 0 |d 1999-08-12 |l 0 |r 2005-01-02 00:00:00 |w 2026-02-21 | ||
| 952 | |t č. 1-6 |a SNK |b SNK |y PREZ |7 0 |p 17A0245500 |o snkČSB 2123/1978 D1 |0 0 |1 0 |4 0 |d 2000-07-17 |l 0 |r 2005-01-02 00:00:00 |w 2026-02-21 | ||
| 952 | |t č. 1-6 |a SNK |b SNK |y PREZ |7 0 |p 17A0064953 |o snkČSB 2123/1973 |i snkČSP 756/74 |f 1 |0 0 |1 0 |4 0 |d 1997-05-12 |l 0 |r 2005-01-02 00:00:00 |w 2026-02-21 | ||
| 952 | |t č. 1-6 |a SNK |b SNK |y PREZ |7 0 |p 17A0073043 |o snkČSB 2123/1979 |i snkČSP 811/80 |f 1 |0 0 |1 0 |4 0 |d 1997-06-20 |l 0 |r 2005-01-02 00:00:00 |w 2026-02-21 | ||
| 952 | |t č. 1-6 |a SNK |b SNK |y PREZ |7 0 |p 17A0241143 |o snkČSB 2123/1976 |i snkČSP 705/77 |f 1 |0 0 |1 0 |4 0 |d 2000-05-29 |l 0 |r 2005-01-02 00:00:00 |w 2026-02-21 | ||
| 952 | |t č. 1-6 |a SNK |b SNK |y PREZ |7 0 |p 17A0677829 |o snkČSB 2123/(11-21)/1980 D1 |i snkČSP 566/81 |0 0 |1 0 |4 0 |d 2010-12-01 |l 0 |r 2026-02-21 19:56:09 |w 2026-02-21 | ||
| 952 | |t č. 1-6 |a SNK |b SNK |y PREZ |7 0 |p 17A0020397 |o snkČSB 2123/13(15)/1984 |i snkČSP 567/85 |f 1 |0 0 |1 0 |4 0 |d 1996-11-21 |l 0 |r 2005-01-01 00:00:00 |w 2026-02-21 | ||
| 952 | |t č. 1-6 |a SNK |b SNK |y PREZ |7 0 |p 17A0218421 |o snkČSB 2123/15(16)/1985 |i snkČSP 2849/86 |f 1 |0 0 |1 0 |4 0 |d 1999-11-12 |l 0 |r 2005-01-02 00:00:00 |w 2026-02-21 | ||
| 952 | |t č. 1-6 |a SNK |b SNK |y PREZ |7 0 |p 17A1024151 |o snkČSB 2123/1981 D1 |i snkČSP 44/82 |0 0 |1 0 |4 0 |d 2014-03-05 |l 0 |r 2026-02-21 20:29:50 |w 2026-02-21 | ||
| 952 | |t č. 1-6 |a SNK |b SNK |y PREZ |7 0 |p 17A0107558 |o snkČSB 2123/(11-21)/1980 |i snkČSP 565/81 |f 1 |0 0 |1 0 |4 0 |d 1997-11-10 |l 0 |r 2005-01-02 00:00:00 |w 2026-02-21 | ||
| 952 | |t č. 1-6 |a SNK |b SNK |y PREZ |7 0 |p 17A0107779 |o snkČSB 2123/13(14)/1983 |i snkČSP 578/84 |f 1 |0 0 |1 0 |4 0 |d 1997-11-21 |l 0 |r 2005-01-02 00:00:00 |w 2026-02-21 | ||
| 952 | |t č. 1-6 |a SNK |b SNK |y PREZ |7 0 |p 17A1024057 |o snkČSB 2123/1975 D1 |i snkČSP 1318/76 |0 0 |1 0 |4 0 |d 2014-03-29 |l 0 |r 2026-02-21 20:42:15 |w 2026-02-21 | ||
| 952 | |t č. 1-6 |a SNK |b SNK |y PREZ |7 0 |p 17A0572405 |o snkČSB 2123/18/1987 D1 |i snkČSP 2480/88 |3 rekatalogizácia |0 0 |1 0 |4 0 |d 2008-03-10 |l 1 |r 2026-05-07 10:52:11 |s 2026-04-14 |w 2026-02-21 | ||
| 952 | |t č. 1-6 |a SNK |b SNK |y PREZ |7 0 |p 17A0693475 |o snkČSB 2123/1977 D1 |i snkČSP 806/77 |0 0 |1 0 |4 0 |d 2011-03-07 |l 0 |r 2026-02-21 20:50:05 |w 2026-02-21 | ||
| 952 | |t č. 1-6 |a SNK |b SNK |y PREZ |7 0 |p 17A0693473 |o snkČSB 2123/1982 D1 |i snkČSP 2217/82 |0 0 |1 0 |4 0 |d 2011-03-07 |l 0 |r 2026-02-21 20:50:05 |w 2026-02-21 | ||
| 952 | |t č. 1-6 |a SNK |b SNK |y PREZ |7 0 |p 17A0560423 |o snkČSB 2123/1979 D1 |i snkČSP 812/80 |3 rekatalogizácia |0 0 |1 0 |4 0 |d 2007-09-13 |l 0 |r 2026-02-21 21:11:45 |w 2026-02-21 | ||
| 952 | |t č. 1-6 |a SNK |b SNK |y PREZ |7 0 |p 17A0560430 |o snkČSB 2123/13(14)/1983 D1 |i snkČSP 579/84 |3 rekatalogizácia |0 0 |1 0 |4 0 |d 2007-09-13 |l 0 |r 2026-02-21 21:11:45 |w 2026-02-21 | ||
| 952 | |t č. 1-6 |a SNK |b SNK |y PREZ |7 0 |p 17A0560434 |o snkČSB 2123/15(16)/1985 D1 |i snkČSP 2850/86 |0 0 |1 0 |4 0 |d 2007-09-13 |l 0 |r 2026-02-21 21:11:45 |w 2026-02-21 | ||
| 952 | |t č. 1-6 |a SNK |b SNK |y PREZ |7 0 |p 17A0176023 |o snkČSB 2123/1977 |i snkČSP 805/77 |f 1 |0 0 |1 0 |4 0 |d 1999-01-11 |l 0 |r 2005-01-02 00:00:00 |w 2026-02-21 | ||
| 952 | |t č. 1-6 |a SNK |b SNK |y PREZ |7 0 |p 17A0176024 |o snkČSB 2123/1972 |i snkČSP 529/74 |f 1 |0 0 |1 0 |4 0 |d 1999-01-11 |l 0 |r 2005-01-02 00:00:00 |w 2026-02-21 | ||
| 952 | |t č. 1-6 |a SNK |b SNK |y PREZ |7 0 |p 17A1053356 |o snkČSB 2123/19/1988 D1 |i snkČSP 3990/90 |0 0 |1 0 |4 0 |d 2013-02-05 |l 0 |r 2026-02-21 21:23:46 |w 2026-02-21 | ||
| 952 | |t č. 1-6 |a SNK |b SNK |y PREZ |7 0 |p 17A0176336 |o snkČSB 2123/1982 |i snkČSP 2216/82 |f 1 |0 0 |1 0 |4 0 |d 1999-01-08 |l 0 |r 2005-01-02 00:00:00 |w 2026-02-21 | ||
| 952 | |t č. 1-6 |a SNK |b SNK |y PREZ |7 0 |p 17A0186249 |o snkČSB 2123/1975 |i snkČSP 1319/76 |f 1 |0 0 |1 0 |4 0 |d 1999-04-14 |l 0 |r 2005-01-02 00:00:00 |w 2026-02-21 | ||
| 952 | |t č. 1-6 |a SNK |b SNK |y PREZ |7 0 |p 17A1052930 |o snkČSB 2123/1976 D1 |i snkČSP 706/77 |0 0 |1 0 |4 0 |d 2013-02-11 |l 0 |r 2026-02-21 21:30:52 |w 2026-02-21 | ||
| 952 | |t č. 1-6 |a SNK |b SNK |y PREZ |7 0 |p 17A0417130 |o snkČSB 2123/13(15)/1984 D1 |i snkČSP 568/85 |0 0 |1 0 |4 0 |d 2004-03-05 |l 0 |r 2005-01-01 00:00:00 |w 2026-02-21 | ||
| 952 | |t č. 1-6 |a SNK |b SNK |y PREZ |7 0 |p 17A0206987 |o snkČSB 2123/1981 |i snkČSP 43/82 |f 1 |0 0 |1 0 |4 0 |d 1999-08-10 |l 0 |r 2005-01-02 00:00:00 |w 2026-02-21 | ||
| 952 | |t č. 1-6 |a SNK |b SNK |y PREZ |7 0 |p 17A1023272 |o snkČSB 2123/1971 D1 |i snkČSP 345/73 |0 0 |1 0 |4 0 |d 2013-11-16 |l 0 |r 2026-02-21 21:43:23 |w 2026-02-21 | ||
| 952 | |t č. 1-6 |a SNK |b SNK |y PREZ |7 0 |p 17A1187000 |o snkČSB 2123/1973 D1 |i snkČSP 955/74 |0 0 |1 0 |4 0 |d 2017-01-20 |l 0 |r 2026-02-21 21:48:05 |w 2026-02-21 | ||
| 952 | |t č. 1-6 |a SNK |b SNK |y PREZ |7 0 |p 17A1187221 |o snkČSB 2123/1970 D1 |i snkČSP 1038/72 |0 0 |1 0 |4 0 |d 2017-03-24 |l 1 |r 2026-04-10 11:00:32 |s 2026-04-10 |w 2026-02-21 | ||


